000 00474nam a2200169Ia 4500
999 _c7346
_d7346
020 _a978813205921
082 _a612
_bKHU
100 _aKhurana, Indu
245 0 _aTextbook of Human Physiology for dental student /
250 _a1st
260 _c2007
_aIndia
_bElsevier
300 _avii; 786p.
_bill
_c24 cm
504 _aInclude: Index
650 _aDentistry
650 _aPhysiology
_vDental Student
_vNerve Muscle Physiology
_vBlood and Immune system
942 _cBK
_2ddc